Nuevo Derecho

Detalles Bibliográficos
Autor Corporativo: Institucin̤ Universitaria de Envigado
Formato: eBook
Lenguaje:español
Publicado: Colombia Institucin̤ Universitaria de Envigado 2015
Materias:
Acceso en línea:Acceso restringido

MARC

LEADER 00000nam a22000007a 4500
005 20160525153858.0
007 cr|||| ||u|
008 160525s2015 ck zr||os|||| 0||| 1spa d
022 |a 2511-4540 
035 |a 14216 
040 |a vLex  
090 |c 6154  |d 6154 
245 1 0 |a Nuevo Derecho  |h [Recurso electrn̤ico] /  |c Institucin̤ Universitaria de Envigado  
256 |a Servicio en ln̕ea 
260 |a Colombia  |b Institucin̤ Universitaria de Envigado   |c 2015 
300 |a 1 recurso electrn̤ico  
310 |a Biannual 
506 1 |a Contenido solo disponible en los productos indicados  |d vLex Global  |d vLex Global (Academic Edition, excluding Law Schools)  |d vLex Global (U.S. Academic Edition, Law Schools)  |d vLex Global (U.S. Academic Edition, excluding Law Schools)  |d vLex Global (Academic Edition, Law Schools) 
650 0 4 |a Derecho  |z Colombia 
710 |a Institucin̤ Universitaria de Envigado  
740 0 |a vLex revistas (servicio en ln̕ea)  
856 4 0 |u http://vlex.com/source/nuevo-derecho-14216  |z Acceso restringido 
942 |c REV 
999 0 |a Law  |b Colombia